LEADER 01196nam a2200301 i 4500 001 000000135767 003 CaOOAMICUS 005 20211022150401.0 008 050311s1993 it u000 u mul u 013 $a109178 020 $a88-452-2098-2 040 $aSeMil$bita 100 1 $aEliot, Thomas Stearns,$d<1888-1965>.$0(OLS)http://semarc/name/16556 245 10$aOpere :$b1939-1962 /$cT. S. Eliot ; a cura di Roberto Sanesi. 264 1$aMilano :$bBompiani,$c1993. 300 $aVI, 1696 p. ;$c18 cm. 490 1 $aClassici Bompiani 500 $aIn custodia. 650 4$aEliot, Thomas Stearns <1888-1965> - Opere.$0(OLS)http://semarc/subject/10610 700 1 $aSanesi, Roberto <1930-2001>.$0(OLS)http://semarc/name/21737 830 0$aClassici Bompiani.$0(OLS)http://semarc/title/11379 850 $aSeMil 852 $aSeMil$W1$xVenegono$y1$m1V II 104/2$j89411$B89411$CSeMilBibl$Z2$F94155 $81 961 $aOmaggio: Martini Card. Carlo Maria 996 $6020$a88-452-2098-2$9(OLS)http://semarc/number/123147 996 $6245$aOpere :$b1939-1962$9(OLS)http://semarc/title/198462 996 $6264$aMilano :$bBompiani$9(OLS)http://semarc/publisher/29706 LEADER 00980nam a2200241 i 4500 001 000000067479 003 CaOOAMICUS 005 20091030000000.0 008 091030s1972 it u000 u ita u 013 $a38651 040 $aSeMil$bita 245 13$aLa provocazione /$ca cura di Domenico Porzio ; introduzione di Heinrich Böll , premio Nobel 1972. 260 $aMilano :$bFerro,$ccopyr. 1972. 300 $a733 p. ;$c20 cm. 500 $aContiene : Referenze bibliografiche. 650 4$aProvocazione.$0(OLS)http://semarc/subject/13208 700 1 $aBöll, Heinrich,$d<1917-1985>.$0(OLS)http://semarc/name/16455 700 1 $aPorzio, Domenico,$d<1921-1990>.$0(OLS)http://semarc/name/6251 850 $aSeMil 852 $aSeMil$W1$xVenegono$y1$m3E I 197$j33632$B33632$CSeMilBibl$Z2$F33635 $81 961 $aOmaggio: Patti mons. Francesco 996 $6245$aLa provocazione$9(OLS)http://semarc/title/107528 996 $6260$aMilano :$bFerro$9(OLS)http://semarc/publisher/31625